Význam nehnuteľností pri zmierňovaní kreditného rizika v SR

Vývoj a riziká na trhu. Test citlivosti na zmeny cien nehnuteľností a mieru zlyhávaných úverov na bývanie.

Enregistré dans:
Détails bibliographiques
Auteur principal: Lintner, Viktor
Autres auteurs: Rychtárik, Štefan
Format: Chapitre de livre
Langue:slovaque
Sujets:
Tags: Ajouter un tag
Pas de tags, Soyez le premier à ajouter un tag!

MARC

LEADER 00000naa$a2200000$$$4500
001 0115421
005 20231116090407.6
041 0 |a slo 
044 |a SK 
245 1 0 |a Význam nehnuteľností pri zmierňovaní kreditného rizika v SR  |c Viktor Lintner, Štefan Rychtárik 
520 |a Vývoj a riziká na trhu. Test citlivosti na zmeny cien nehnuteľností a mieru zlyhávaných úverov na bývanie. 
610 2 0 |a trh hypotekárny 
610 2 0 |a Slovensko 
610 2 0 |a nehnuteľnosti 
610 2 0 |a riziko trhové 
610 2 0 |a úver 
100 1 |a Lintner, Viktor 
700 1 |a Rychtárik, Štefan